Counties with Joshua Trees - Statistics

General Stats
  • This quiz has been taken 13 times
  • The average score is 6 of 14
Answer Stats
State Answer % Correct
California Los Angeles
77%
Nevada Clark
69%
California Inyo
69%
California Riverside
69%
Arizona Maricopa
62%
Arizona Mohave
62%
California Kern
46%
Nevada Nye
38%
Arizona La Paz
31%
Arizona Yavapai
31%
Nevada Esmeralda
15%
California Mono
15%
Utah Washington
15%
Nevada Lincoln
8%
No matching quizzes found
Score Distribution
Percent of People with Each Score
Percentile by Number Answered
Your Score History
You have not taken this quiz